书目信息 |
| 题名: |
中国手语动词研究
|
|
| 作者: | 倪兰 著 | |
| 分册: | ||
| 出版信息: | 上海 上海大学出版社 2015.02 |
|
| 页数: | 310页 | |
| 开本: | 23cm | |
| 丛书名: | ||
| 单 册: | ||
| 中图分类: | H126.3 | |
| 科图分类: | ||
| 主题词: | 手势语--动词--研究--中国 | |
| 电子资源: | ||
| ISBN: | 978-7-5671-1574-3 | |
| 000 | 01109nam0 2200277 450 | |
| 001 | 0120151545554 | |
| 005 | 20160614143556.37 | |
| 010 | @a978-7-5671-1574-3@dCNY58.00 | |
| 100 | @a20150421d2015 em y0chiy50 ea | |
| 101 | 0 | @achi |
| 102 | @aCN@b310000 | |
| 105 | @aak z 000yy | |
| 106 | @ar | |
| 200 | 1 | @a中国手语动词研究@9zhong guo shou yu dong ci yan jiu@f倪兰著 |
| 210 | @a上海@c上海大学出版社@d2015.02 | |
| 215 | @a310页@c图@d23cm | |
| 300 | @a国家社会科学基金青年项目“中国手语动词调查及手语动词分类研究”(项目批准号:08CYY010)资助 | |
| 312 | @a封面英文题名:Study of verbs in Chinese sign language | |
| 330 | @a本书在对手语动词实地调查的基础上,从语言学角度对中国手语动词进行详细描写、分析和分类、并引入语义分析、认知语言学理论对手语动词进行初步的理论探讨,此外还论述了手语动词研究所涉及的论元问题、类标记问题等。 | |
| 333 | @a手语动词相关研究人员 | |
| 510 | 1 | @aStudy of verbs in Chinese sign language@zeng |
| 606 | 0 | @a手势语@x动词@x研究@y中国 |
| 690 | @aH126.3@v5 | |
| 701 | 0 | @a倪兰@9ni lan@f(1974-)@4著 |
| 801 | 0 | @aCN@b人天书店@c20150421 |
| 905 | @b879652-57@dH126.3@e33@f6 | |
| 中国手语动词研究/倪兰著.-上海:上海大学出版社,2015.02 |
| 310页:图;23cm |
| 国家社会科学基金青年项目“中国手语动词调查及手语动词分类研究”(项目批准号:08CYY010)资助.-使用对象:手语动词相关研究人员 |
| ISBN 978-7-5671-1574-3:CNY58.00 |
| 本书在对手语动词实地调查的基础上,从语言学角度对中国手语动词进行详细描写、分析和分类、并引入语义分析、认知语言学理论对手语动词进行初步的理论探讨,此外还论述了手语动词研究所涉及的论元问题、类标记问题等。 |
| ● |
| 相关链接 |
|
|
|
|
正题名:中国手语动词研究
索取号:H126.3/33
 
预约/预借
| 序号 | 登录号 | 条形码 | 馆藏地/架位号 | 状态 | 备注 |
| 1 | 879652 | 208796524 | 第二样本阅览室/ [索取号:H126.3/33] | 在馆 | |
| 2 | 879653 | 208796533 | 教育系资料室/ [索取号:H126.3/33] | 在馆 | |
| 3 | 879654 | 208796542 | 教育系资料室/ [索取号:H126.3/33] | 在馆 | |
| 4 | 879655 | 208796551 | 教育系资料室/ [索取号:H126.3/33] | 在馆 | |
| 5 | 879656 | 208796560 | 第四借阅区/ [索取号:H126.3/33] | 在馆 | |
| 6 | 879657 | 208796579 | 第四借阅区/ [索取号:H126.3/33] | 在馆 |